| 000 | 004440000a22001570004500 | ||
|---|---|---|---|
| 003 | MACL | ||
| 005 | 20180218132840.0 | ||
| 008 | 180218b xxu||||| |||| 00| 0 eng d | ||
| 040 | _cmacl | ||
| 100 |
_aआई स्वामी _970430 |
||
| 245 | _aमानव और धर्म | ||
| 260 |
_bसस्ता साहित्य मंडल _c2005 |
||
| 350 | _a50 | ||
| 650 |
_aधर्म _970431 |
||
| 942 |
_cHIN _k200 _2ddc |
||
| 999 |
_c11585 _d11585 |
||